000 00240nam a22001097a 4500
082 _a516.24 CHA
100 _aCHAWLA. L.M
_979844
245 _aINTRMEDIATE PLANE TRIGONOMETRY
260 _aLAHORE
_bPDF
_c1966
300 _a212P
942 _cBK
999 _c584838
_d584838